Statistics for Countries with the Most Arid Desert

Click here to take the quiz!

General Stats

  • This quiz has been taken 3,469 times
    (2,478 since last reset)
  • The average score is 18 of 21

Answer Stats

AreaCountry% Correct
1,905,600Algeria
97%
700,000Egypt
97%
614,000Chad
95%
2,042,500Saudi Arabia
95%
270,000China
94%
1,100,000Libya
94%
1,395,750Sudan
94%
953,000United States
94%
806,124Mali
92%
294,716Morocco
92%
1,016,000Niger
91%
927,000Mauritania
89%
1,348,000Australia
87%
297,600Mexico
87%
253,000Oman
83%
1,000,000Mongolia
82%
257,074Chile
77%
1,026,000Argentina
76%
296,000Afghanistan
63%
350,000Turkmenistan
51%
600,000Botswana
50%

Score Distribution

Percentile by Number Answered

Percent of People with Each Score

Your Score History

You have not taken this quiz since the last reset